| 000 | 01113nam a2200325 a 4500 | ||
|---|---|---|---|
| 001 | 1178610 | ||
| 003 | OSt | ||
| 005 | 20160331163040.0 | ||
| 008 | 961114s1995 ug ab b 001 0 eng | ||
| 010 | _a 96980775 | ||
| 020 | _a9970020269 | ||
| 020 | _z9970020358 | ||
| 040 |
_aDLC _cDLC |
||
| 042 | _alcode | ||
| 043 | _af-ug--- | ||
| 050 | 0 | 0 |
_aJQ2951.A58 _bK33 1995 |
| 082 | 0 | 0 |
_a320.1 _221 _bKAB 1995 |
| 100 | 1 |
_aKabwegyere, Tarsis B. _97547 |
|
| 245 | 1 | 4 |
_aThe politics of state formation and destruction in Uganda / _cTarsis B. Kabwegyere. |
| 250 | _aRev., expanded ed. | ||
| 260 |
_aKampala, Uganda : _bFountain Publishers, _c1995. |
||
| 300 |
_av, 259 p. : _bill., maps ; _c21 cm. |
||
| 504 | _aIncludes bibliographical references (p. 250-255) and index. | ||
| 650 | 0 |
_aConstitutional history _zUganda. _97548 |
|
| 651 | 0 |
_aUganda _xPolitics and government. _97549 |
|
| 651 | 0 |
_aUganda _xColonial influence. _97550 |
|
| 906 |
_a7 _bcbc _corigode _d2 _encip _f19 _gy-gencatlg |
||
| 942 |
_2ddc _cSLOAN |
||
| 999 |
_c3371 _d3371 |
||